000 01616nam a2200193 a 4500
090 _aIAVH
_b00765 CD-1
041 _aspa
100 _aFagua, José Camilo
_9604
245 _aDistribución espacial, hábitat disponible y dinámica poblacional de Aniba perutilis (Lauraceae) en tres fragamentos de bosque muy húmedo premontano del flanco occidental de la Cordillera Central de Colombia
260 _aBogotá
_bInstituto Alexander von Humboldt
_c2006
300 _a52 p.
520 _aSe determinó que los individuos en la reserva forestal Bremen no son una población sino un grupo de recolonización, razón por la cual solo se estimaron estadísticos poblacionales dinámicos en los otros dos fragmentos de bosque, los cuales poseen dos poblaciones bien estructuradas. La población del cañón del Barbas persentó una tasa de desarrollo de 0.94 lo cual indica que está en decrecimiento y no es viable. La población de Otún-Quimbaya presentó una tasa de desarrollo de 1.04 lo cual indica que tiende a crecer y es viable, pero es suceptible a decrecer. En general se encontró un muy bajo número de individuos reproductivos, lo que unido a una baja disponibilidad de hábitat y a una estructura poblacional partida, seguramente está generando inviabilidad genética.
650 _aConservación
_992401
650 _aBiodiversidad
_992204
650 _aReservas forestales
_992525
650 _aDinámica de poblaciones
_93491
662 _aColombia
_cReserva Forestal Bremen
_bRisaralda
773 0 _05986
_99704
_a
_b
_dBogotá Informatica documental 2007
_o024802
_tInformes de investigaciones IAVH en PDF
_w
_x
_z
999 _c6032
_d6032